| 000 | 01320cad a22002295a 4500 | ||
|---|---|---|---|
| 001 | E147157 | ||
| 008 | 090407s2009 xxk f 000 0 eng d | ||
| 035 | _a(Sirsi) u147157 | ||
| 041 | 0 | _aeng | |
| 050 | 0 | 4 | _a711.1 $2 18 |
| 110 | 2 |
_aGVA Grimley _93646 |
|
| 245 | 0 | 0 |
_aDevelopment outlook & viability _bSpring 2009 _h[electronic resource] |
| 260 |
_aLondon _bGVA Grimley _c2009 |
||
| 490 | 0 |
_aGVA Grimley Development Outlook and Viability _vSpring 2009 |
|
| 520 | _aExamines ways in which the viability of development has altered over the last two years, and looks at how this has affected levels of development activity. Also reports on how this may change over the next few years, and what the effect on residual land values will be. Suggests that the recent falls in capital values and the reductions in bank funding have led to many development and regeneration schemes being postponed or abandoned altogether, and predicts that in the longer term restrictions such as the cost of sustainability measures and S106 agreements will continue to constrain development. | ||
| 521 | _aAdvanced | ||
| 590 | _aKA | ||
| 651 | 4 |
_aUnited Kingdom _y |
|
| 690 |
_aPlanning and development _96259 |
||
| 856 | 4 | 0 |
_uhttps://www.gvagrimley.co.uk/x4195.xml _zView the report free of charge at www.gvagrimley.co.uk... |
| 942 | _n0 | ||
| 999 |
_c109464 _d109464 |
||